Bez masky- s Jozefom Bobom

Bibliographic Details
Format: Article
Language:Slovak
PhysicalDescription:Fotogr.
ISSN:1335-4701
Subjects:

MARC

LEADER 00000nab a2200000 a 4500
001 vtls009008484
003 SK-MaSNL
005 20260303065522.0
008 140301c20070112xo dr|p|||||||000 b|slo
015 |a SNBRB2007/07  |2 snkbucl 
038 |a SNKBUCL 
040 |a SNKBUCL  |b slo  |c SNKBUCL  |e AACR2 
041 0 |a slo 
044 |a xo  |c SK 
080 |a 82:929:821.162.4  |2 2001 
080 |a 821.162.4:929  |2 2001 
080 |a 929 Bob, Jozef  |2 2001 
245 0 0 |a Bez masky- s Jozefom Bobom  |c [rozhovor pripravil] ddz 
300 |b Fotogr. 
600 1 7 |a Bob, Jozef,  |d 1935-2010  |2 snkbucl  |9 198749 
700 1 |a Bob, Jozef,  |d 1935-2010  |4 ive  |9 198749 
773 0 |t Hospodárske noviny  |g Roč. XV., č. 9 (12.-14.1.2007)  |x 1335-4701 
773 0 |t Civilizácia  |g S. 30 
852 |a SNK  |b KIS3GCP 
958 |a BX 
958 |a LX 
958 |a SK 
999 |c 1751520  |d 1753450